| 000 | 01073nam a2200277Ia 4500 | ||
|---|---|---|---|
| 001 | Para_10120 | ||
| 003 | CHAP | ||
| 008 | 220125sSept xx 000 0 und d | ||
| 010 | _a208812 | ||
| 040 | _cCHAP | ||
| 090 | _aPA CD - TESIS 198 | ||
| 100 |
_aCabrera Cabrera, Luis Manuel _916644 |
||
| 245 |
_aActividad preemergente de thiencarbazone + isoxaflutole en mezcla con flufenacet contra zacate pitillo (Ixophorus unisetus) en maíz, en Tepatitlán, Jalisco / _c Luis Manauel Cabrera Cabrera; Director Jose Alfredo Domínguez Valenzuela |
||
| 260 |
_aChapingo, Méx. : _b el autor |
||
| 300 | _a1 CDS ROM (28 p.) | ||
| 502 | _aTesis (Ing. Agr. Esp. en Parasitología Agrícola). UACh. Departamento Parasitología Agrícola | ||
| 700 |
_aDomínguez Valenzuela, Jose Alfredo. Director _9175144 |
||
| 710 |
_aUACh. Departamento Parasitología Agrícola _9164025 |
||
| 901 | _aPA CD - TESIS 198 | ||
| 902 | _aM | ||
| 905 | _a513220Septiembre,2012 nm 8100000000 06 | ||
| 910 | _aSept | ||
| 942 | _cPARA | ||
| 942 |
_cPARA _d2 |
||
| 999 |
_c208812 _d208812 |
||